000 00513nam a22001937a 4500
003 MPLRDC
005 20220105061117.0
008 210129b ||||| |||| 00| 0 eng d
020 _a962-8329-08-1
082 _a544.67 YMG
100 _a杨牧谷
245 _a自杀少年
_c赖百乐 改编; 张伟棠 画
250 _a初版
260 _a香港
_b更新资源(香港)有限公司
_c1998
300 _b
520 _a上架 2017-07-06。
650 _a青少年问题
942 _cBK
_o544.67 YMG
999 _c68959
_d68949